[Event "US Masters"]
[Site "Charlotte"]
[Date "2021.11.27"]
[Round "6"]
[White "Burke, John M"]
[Black "Nakar, Eylon"]
[Result "1/2-1/2"]
[WhiteElo "2569"]
[BlackElo "2434"]
[PlyCount "66"]
[EventDate "2021.11.24"]
[EventType "swiss"]
[EventRounds "9"]
[EventCountry "USA"]
[SourceTitle "CBM 205 Extra"]
[Source "ChessBase"]
[SourceDate "2022.01.31"]
[SourceVersion "1"]
[SourceVersionDate "2022.01.31"]
[SourceQuality "1"]

1. e4 e6 2. d4 d5 3. Nc3 Nf6 4. Bg5 dxe4 5. Nxe4 Be7 6. Bxf6 gxf6 7. Qd2 c5 8. Nxc5 Bxc5 9. dxc5 Qxd2+ 10. Kxd2 a5 11. Ne2 Nd7 12. c6 bxc6 13. g3 Rb8 14. b3 c5 15. Bg2 Ke7 16. c4 Rd8 17. Rhd1 Ne5+ 18. Kc3 Bd7 19. Nc1 Bc6 20. Rxd8 Rxd8 21. Bxc6 Nxc6 22. Nd3 Kd6 23. Re1 f5 24. a3 e5 25. Rd1 Nd4 26. f4 f6 27. b4 axb4+ 28. axb4 cxb4+ 29. Nxb4 Ra8 30. Nd5 Rb8 31. Nb4 Ra8 32. Nd5 Rb8 33. Nb4 Ra8 1/2-1/2

[Event "ISR-chT"]
[Site "Israel"]
[Date "2021.04.23"]
[Round "2.2"]
[White "Taichman, Ori"]
[Black "Nakar, Eylon"]
[Result "0-1"]
[WhiteElo "2268"]
[BlackElo "2429"]
[PlyCount "90"]
[EventDate "2021.04.22"]
[EventType "team-tourn"]
[EventRounds "11"]
[EventCountry "ISR"]
[SourceTitle "EXT 2022"]
[Source "ChessBase"]
[SourceDate "2021.10.06"]
[SourceVersion "1"]
[SourceVersionDate "2021.10.06"]
[SourceQuality "1"]
[WhiteTeam "Rishon Le Zion Fridman"]
[BlackTeam "Kfar Saba Hapoel II"]
[WhiteTeamCountry "ISR"]
[BlackTeamCountry "ISR"]

1. e4 e6 2. d4 d5 3. Nc3 Nf6 4. Bg5 dxe4 5. Nxe4 Be7 6. Bxf6 gxf6 7. Nf3 f5 8. Nc3 a6 9. Qd2 b5 10. 0-0-0 Qd6 11. Bd3 Bb7 12. d5 Bxd5 13. Nxd5 Qxd5 14. Qc3 0-0 15. Kb1 Nc6 16. Bxf5 b4 17. Bxh7+ Kxh7 18. Qe3 Qf5 19. g4 Qc5 20. Qe4+ Kg7 21. h4 Rad8 22. Rxd8 Rxd8 23. Ng5 Bxg5 24. hxg5 Rh8 25. Rc1 Qd5 26. Qf4 Qd4 27. Qxc7 Ne5 28. Qe7 Nc4 29. c3 bxc3 30. Qf6+ Qxf6 31. gxf6+ Kxf6 32. Rxc3 Ne5 33. Ra3 Nxg4 34. Rxa6 Nxf2 35. b4 Ne4 36. a4 Ke5 37. a5 Rb8 38. Kc2 Rxb4 39. Ra7 f5 40. a6 Ra4 41. Ra8 Ra2+ 42. Kc1 f4 43. a7 f3 44. Rf8 f2 45. Kd1 Nf6 0-1

[Event "Titled Tuesday intern op 7th April"]
[Site "Chess.com INT"]
[Date "2020.04.07"]
[Round "2"]
[White "Nakar, Eylon"]
[Black "Sorkin, Igor"]
[Result "0-1"]
[WhiteElo "2421"]
[BlackElo "2383"]
[PlyCount "138"]
[EventDate "2020.04.07"]
[EventType "swiss (blitz)"]
[EventRounds "10"]
[EventCountry "USA"]
[SourceTitle "EXT 2021"]
[Source "ChessBase"]
[SourceDate "2020.10.23"]
[SourceVersion "1"]
[SourceVersionDate "2020.10.23"]
[SourceQuality "1"]

1. e4 c5 2. Nf3 d6 3. Bb5+ Nd7 4. Ba4 a6 5. c4 Ngf6 6. Nc3 e6 7. 0-0 Be7 8. d4 cxd4 9. Qxd4 0-0 10. Bxd7 Bxd7 11. Bg5 Bc6 12. Rfd1 Qc7 13. Rac1 Qb8 14. a4 Rd8 15. Qd3 b6 16. Nd4 Bb7 17. f3 Qc7 18. Be3 Rac8 19. Qd2 Qb8 20. b3 Nd7 21. Bg5 Nf6 22. Be3 Nd7 23. Nde2 Nc5 24. Rb1 Bf8 25. h3 Bc6 26. Nd4 Be8 27. Kh1 g6 28. Bh6 Be7 29. Bg5 Qb7 30. Bxe7 Qxe7 31. Qe3 h5 32. Nde2 h4 33. Nf4 Qg5 34. Nfd5 Qxe3 35. Nxe3 Kf8 36. Kg1 Ke7 37. Kf2 g5 38. Ke2 Bc6 39. Nc2 Bb7 40. Nb4 Kf6 41. Nd3 Nxd3 42. Rxd3 Ke5 43. Ke3 Rd7 44. Rbd1 Rcd8 45. R3d2 f5 46. exf5 Kxf5 47. Rd4 Ke5 48. Ne4 Bxe4 49. Rxe4+ Kf6 50. Rdd4 d5 51. cxd5 Rxd5 52. Rxd5 Rxd5 53. Rb4 Rd6 54. f4 Rc6 55. Kf3 Kf5 56. fxg5 Kxg5 57. Rg4+ Kh5 58. Re4 Kg5 59. Re5+ Kf6 60. Re3 Kf5 61. g4+ hxg3 62. Kxg3 e5 63. h4 e4 64. h5 Rc8 65. Kh4 Rg8 66. Rg3 Rh8 67. Rg7 e3 68. Re7 Kf4 69. Re6 b5 0-1

[Event "Titled Tuesday intern op 7th April"]
[Site "Chess.com INT"]
[Date "2020.04.07"]
[Round "8"]
[White "Souza Neves, Andrey Marcelo"]
[Black "Nakar, Eylon"]
[Result "0-1"]
[WhiteElo "2087"]
[BlackElo "2421"]
[PlyCount "60"]
[EventDate "2020.04.07"]
[EventType "swiss (blitz)"]
[EventRounds "10"]
[EventCountry "USA"]
[SourceTitle "EXT 2021"]
[Source "ChessBase"]
[SourceDate "2020.10.23"]
[SourceVersion "1"]
[SourceVersionDate "2020.10.23"]
[SourceQuality "1"]

1. d4 Nf6 2. c4 g6 3. Nc3 Bg7 4. e4 0-0 5. Be2 d6 6. Bg5 Na6 7. Qd2 Qe8 8. h4 e5 9. d5 Nc5 10. f3 Nh5 11. 0-0-0 f5 12. Bh6 Ng3 13. Bxg7 Kxg7 14. Rh2 fxe4 15. Nh3 Nxe2+ 16. Qxe2 exf3 17. gxf3 Bxh3 18. Rxh3 Rf4 19. h5 g5 20. h6+ Kh8 21. Rg1 Qg6 22. Rhg3 Qxh6 23. Rxg5 Raf8 24. Kb1 R4f5 25. Qg2 Rxg5 26. Qxg5 Qxg5 27. Rxg5 Rxf3 28. Nb5 e4 29. Nxc7 e3 30. Ne8 e2 0-1

[Event "Titled Tuesday intern op 7th April"]
[Site "Chess.com INT"]
[Date "2020.04.07"]
[Round "7"]
[White "Toncheva, Nadya"]
[Black "Nakar, Eylon"]
[Result "0-1"]
[WhiteElo "2064"]
[BlackElo "2421"]
[PlyCount "140"]
[EventDate "2020.04.07"]
[EventType "swiss (blitz)"]
[EventRounds "10"]
[EventCountry "USA"]
[SourceTitle "EXT 2021"]
[Source "ChessBase"]
[SourceDate "2020.10.23"]
[SourceVersion "1"]
[SourceVersionDate "2020.10.23"]
[SourceQuality "1"]

1. e4 e6 2. d4 d5 3. Nd2 c5 4. exd5 Qxd5 5. Ngf3 cxd4 6. Bc4 Qd7 7. 0-0 Nc6 8. Nb3 a6 9. Bf4 b5 10. Be2 Bb7 11. Nbxd4 Nxd4 12. Nxd4 Rd8 13. c3 Nf6 14. a4 b4 15. Qb3 Nd5 16. Bg3 Be7 17. Rad1 Qc8 18. Bf3 0-0 19. cxb4 Nxb4 20. Rc1 Qa8 21. Bxb7 Qxb7 22. Nc6 Rd3 23. Nxe7+ Qxe7 24. Qc4 Rfd8 25. Bh4 f6 26. Bg3 R3d4 27. Qc7 R8d7 28. Qb8+ Kf7 29. h3 Rb7 30. Qh8 Kg6 31. h4 h5 32. Rc8 Nd5 33. Re8 Qf7 34. Rf8 Qe7 35. Re1 e5 36. Re8 Qf7 37. Bxe5 Rxh4 38. Bg3 Rg4 39. Rf8 Qd7 40. Rd8 Qf5 41. Qe8+ Kg5 42. Rd1 Nf4 43. Qe3 h4 44. R1d5 hxg3 45. Rxf5+ Kxf5 46. Qc5+ Kg6 47. fxg3 Rxg3 48. Qc2+ Kg5 49. Rd4 Rxg2+ 50. Qxg2+ Nxg2 51. Kxg2 Rxb2+ 52. Kf3 Ra2 53. Rd5+ f5 54. a5 g6 55. Rc5 Ra4 56. Rd5 Ra3+ 57. Kf2 Kh5 58. Rc5 Kg5 59. Rd5 Kf4 60. Rc5 Ra2+ 61. Kf1 g5 62. Rc4+ Kg3 63. Rc3+ Kg4 64. Rc5 f4 65. Rd5 Kh4 66. Rc5 g4 67. Rc4 Kg3 68. Rc3+ f3 69. Ke1 Kg2 70. Rc1 g3 0-1

[Event "Charlotte CCCSA Fall GM"]
[Site "Charlotte"]
[Date "2019.11.30"]
[Round "7"]
[White "Grinberg, Eyal"]
[Black "Nakar, Eylon"]
[Result "1-0"]
[WhiteElo "2472"]
[BlackElo "2433"]
[PlyCount "95"]
[EventDate "2019.11.27"]
[EventType "tourn"]
[EventRounds "9"]
[EventCountry "USA"]
[EventCategory "8"]
[SourceTitle "CBM 193 Extra"]
[Source "ChessBase"]
[SourceDate "2020.01.31"]
[SourceVersion "1"]
[SourceVersionDate "2020.01.31"]
[SourceQuality "1"]

1. e4 e6 2. d4 d5 3. Nd2 c5 4. exd5 Qxd5 5. dxc5 Qxc5 6. Ngf3 Nf6 7. Bd3 Nbd7 8. 0-0 Be7 9. a4 Qc7 10. Nb3 0-0 11. a5 b6 12. a6 Nd5 13. c3 N7f6 14. Nbd4 Nf4 15. Bb5 Ng6 16. Ra4 Bd7 17. Rc4 Qd8 18. Qa4 Bxb5 19. Nxb5 Nd5 20. Rd1 Qb8 21. Rcd4 Bc5 22. R4d3 Ne5 23. Nxe5 Qxe5 24. Qh4 h6 25. Qg3 Qxg3 26. hxg3 Rfc8 27. Bf4 Be7 28. b3 Bf6 29. Bd2 Nc7 30. Nxc7 Rxc7 31. c4 b5 32. cxb5 Rc5 33. Be3 Rxb5 34. Rd7 Ra5 35. R1d6 Rb8 36. Rb7 Rc8 37. Rxa7 Bg5 38. f4 Ra1+ 39. Kf2 Bf6 40. Rb7 Rc2+ 41. Kf3 Bb2 42. Bd2 Bc3 43. Bxc3 Rxc3+ 44. Ke4 Re1+ 45. Kd4 Rc8 46. Rdd7 Rd1+ 47. Ke3 Re1+ 48. Kd2 1-0

[Event "Charlotte CCCSA Fall GM"]
[Site "Charlotte"]
[Date "2019.11.27"]
[Round "1"]
[White "Korley, Kassa"]
[Black "Nakar, Eylon"]
[Result "1-0"]
[WhiteElo "2447"]
[BlackElo "2433"]
[PlyCount "164"]
[EventDate "2019.11.27"]
[EventType "tourn"]
[EventRounds "9"]
[EventCountry "USA"]
[EventCategory "8"]
[SourceTitle "CBM 193 Extra"]
[Source "ChessBase"]
[SourceDate "2020.01.31"]
[SourceVersion "1"]
[SourceVersionDate "2020.01.31"]
[SourceQuality "1"]

1. d4 Nf6 2. c4 e6 3. Nc3 Bb4 4. Qc2 d5 5. a3 Bxc3+ 6. Qxc3 0-0 7. Nf3 dxc4 8. Qxc4 b6 9. Bg5 Bb7 10. Rd1 Qd5 11. Qxd5 Bxd5 12. Nd2 Nbd7 13. f3 h6 14. Bxf6 Nxf6 15. Rc1 Rac8 16. e4 Bb7 17. Kf2 Rfd8 18. Ke3 Nd7 19. b4 c5 20. dxc5 bxc5 21. Bb5 cxb4 22. Rxc8 Bxc8 23. axb4 a6 24. Be2 Bb7 25. Rc1 Rb8 26. Rc7 Nf6 27. Nc4 Ne8 28. Rc5 Kf8 29. Kd4 Ke7 30. Kc3 Nd6 31. Na5 Kd7 32. e5 Nf5 33. Nxb7 Rxb7 34. Bxa6 Rb6 35. Bb5+ Kd8 36. Bc6 Ne7 37. Be4 f5 38. exf6 gxf6 39. f4 f5 40. Bf3 Kd7 41. b5 Kd6 42. Kb4 Rb8 43. Rc2 Nd5+ 44. Bxd5 Kxd5 45. g3 h5 46. Rd2+ Ke4 47. Re2+ Kf3 48. Rxe6 h4 49. gxh4 Kxf4 50. h5 Kg5 51. h6 f4 52. h7 Rh8 53. Re7 Kf6 54. Rc7 Ke5 55. Rf7 Ke4 56. b6 f3 57. b7 Ke3 58. Kc5 f2 59. Kc6 Ke2 60. Kc7 Rxh7 61. Rxh7 f1Q 62. Re7+ Kd3 63. Rd7+ Ke3 64. b8Q Qc4+ 65. Kb7 Qe4+ 66. Kb6 Qb4+ 67. Kc7 Qc3+ 68. Kd6 Qf6+ 69. Kc5 Qc3+ 70. Kd5 Qd3+ 71. Ke6 Qg6+ 72. Ke7 Qg5+ 73. Kf7 Qf5+ 74. Ke8 Qg6+ 75. Rf7 Qg8+ 76. Rf8 Qe6+ 77. Kd8 Qd5+ 78. Ke7 Qe4+ 79. Kf6 Qh4+ 80. Ke6 Qh3+ 81. Rf5 Qh6+ 82. Kd5 Qc6+ 1-0

[Event "Southwest op 85th"]
[Site "Irving"]
[Date "2019.09.02"]
[Round "9"]
[White "Tsay, Vincent"]
[Black "Nakar, Eylon"]
[Result "1/2-1/2"]
[WhiteElo "2164"]
[BlackElo "2441"]
[PlyCount "120"]
[EventDate "2019.08.29"]
[EventType "swiss"]
[EventRounds "9"]
[EventCountry "USA"]
[SourceTitle "EXT 2020"]
[Source "ChessBase"]
[SourceDate "2019.10.17"]
[SourceVersion "1"]
[SourceVersionDate "2019.10.17"]
[SourceQuality "1"]

1. d4 Nf6 2. Nf3 e6 3. g3 d5 4. c4 Bb4+ 5. Bd2 Be7 6. Bg2 0-0 7. 0-0 c6 8. Qb3 b6 9. Nc3 Nbd7 10. Bf4 Bb7 11. Rac1 c5 12. cxd5 Nxd5 13. Nxd5 Bxd5 14. Qc2 Rc8 15. e4 Bb7 16. d5 exd5 17. exd5 Bf6 18. Rfd1 g6 19. Nd2 Be5 20. Bh6 Re8 21. Nc4 Qf6 22. Nxe5 Nxe5 23. Qc3 Rcd8 24. h4 Ng4 25. Qxf6 Nxf6 26. Bg5 Kg7 27. b4 cxb4 28. Rc7 Ba8 29. Rxa7 h6 30. Bxf6+ Kxf6 31. Rd4 g5 32. Rxb4 Re1+ 33. Kh2 Re2 34. Rxb6+ Kg7 35. h5 Rxf2 36. Kg1 Rf6 37. Rxf6 Kxf6 38. Ra6+ Ke5 39. d6 Bxg2 40. Kxg2 f5 41. a4 f4 42. gxf4+ Kxf4 43. a5 Ke5 44. d7 Rxd7 45. Rxh6 g4 46. Rb6 Kf4 47. a6 Rd2+ 48. Kf1 g3 49. Rg6 Rd1+ 50. Ke2 Ra1 51. h6 g2 52. h7 Ra2+ 53. Kd3 Rxa6 54. Rxa6 g1Q 55. Rf6+ Kg5 56. h8Q Qb1+ 57. Kc4 Qe4+ 58. Kb3 Qd3+ 59. Ka4 Qd4+ 60. Ka5 Qxf6 1/2-1/2

[Event "Southwest op 85th"]
[Site "Irving"]
[Date "2019.08.31"]
[Round "5"]
[White "Easton, Jack R"]
[Black "Nakar, Eylon"]
[Result "0-1"]
[WhiteElo "2182"]
[BlackElo "2441"]
[PlyCount "114"]
[EventDate "2019.08.29"]
[EventType "swiss"]
[EventRounds "9"]
[EventCountry "USA"]
[SourceTitle "EXT 2020"]
[Source "ChessBase"]
[SourceDate "2019.10.17"]
[SourceVersion "1"]
[SourceVersionDate "2019.10.17"]
[SourceQuality "1"]

1. d4 Nf6 2. c4 g6 3. Nc3 Bg7 4. e4 d6 5. Nf3 0-0 6. Be2 e5 7. 0-0 Nbd7 8. Be3 c6 9. Qd2 Qe7 10. d5 c5 11. Bg5 a6 12. a3 Qe8 13. Ne1 h5 14. Nd3 Nh7 15. Bh6 Qe7 16. b4 b6 17. Rae1 Bxh6 18. Qxh6 Qg5 19. Qxg5 Nxg5 20. f4 exf4 21. Rxf4 f6 22. Ref1 Kg7 23. bxc5 bxc5 24. Rb1 Rb8 25. Rxb8 Nxb8 26. Rf1 Re8 27. Rb1 Nd7 28. Nf2 Ne5 29. Rb6 Ngf7 30. a4 Kf8 31. a5 Ke7 32. Nb1 Kd8 33. Nd2 Kc7 34. Nd3 Nxd3 35. Bxd3 Ne5 36. Bc2 h4 37. Ba4 Re7 38. Rb1 h3 39. Rf1 Rf7 40. gxh3 Bxh3 41. Rf2 Rf8 42. Bb3 f5 43. exf5 gxf5 44. Bc2 Rg8+ 45. Kh1 Rg5 46. Bb1 Kd8 47. Bc2 Kc7 48. Bb1 Kd8 49. Bc2 Ke7 50. Bb1 Rg8 51. Bc2 Rg7 52. Re2 Kd8 53. Rf2 Kc7 54. Bb1 Rg6 55. Bc2 Rg8 56. Bb1 Rb8 57. Kg1 Rb2 0-1

[Event "Southwest op 85th"]
[Site "Irving"]
[Date "2019.08.31"]
[Round "4"]
[White "Nakar, Eylon"]
[Black "Drozdowski, Kacper"]
[Result "0-1"]
[WhiteElo "2441"]
[BlackElo "2485"]
[PlyCount "86"]
[EventDate "2019.08.29"]
[EventType "swiss"]
[EventRounds "9"]
[EventCountry "USA"]
[SourceTitle "EXT 2020"]
[Source "ChessBase"]
[SourceDate "2019.10.17"]
[SourceVersion "1"]
[SourceVersionDate "2019.10.17"]
[SourceQuality "1"]

1. e4 c5 2. Nf3 a6 3. c3 d5 4. exd5 Qxd5 5. d4 Nf6 6. Be3 cxd4 7. cxd4 e6 8. Nc3 Qd8 9. Bd3 Nc6 10. 0-0 Be7 11. Rc1 0-0 12. a3 Nd5 13. Nxd5 Qxd5 14. Qc2 Qh5 15. Qb3 Bd6 16. Be4 Rb8 17. Rfd1 Bd7 18. h3 Ne7 19. Ng5 h6 20. Bf3 Qg6 21. Ne4 Bc6 22. Nd2 Nd5 23. Nc4 Bf4 24. Qd3 Qg5 25. Qe2 Bb5 26. Re1 Nxe3 27. fxe3 Bc7 28. b3 Qg3 29. Qd2 Bc6 30. e4 Qh2+ 31. Kf1 Bf4 32. Ne3 Bb5+ 33. Be2 Bg3 34. Bxb5 Bxe1 35. Rxe1 axb5 36. Ng4 Qg3 37. Ne5 Rbc8 38. Re3 Qf4+ 39. Ke2 Rc7 40. g3 Qg5 41. Rc3 Rxc3 42. Qxc3 Qe7 43. b4 Rd8 0-1

[Event "Dallas UT Fall op"]
[Site "Dallas"]
[Date "2018.11.21"]
[Round "9"]
[White "Nakar, Eylon"]
[Black "Stefanov, Emil"]
[Result "1/2-1/2"]
[WhiteElo "2456"]
[BlackElo "2389"]
[PlyCount "61"]
[EventDate "2018.11.16"]
[EventType "swiss"]
[EventRounds "9"]
[EventCountry "USA"]
[SourceTitle "CBM 187 Extra"]
[Source "ChessBase"]
[SourceDate "2018.11.04"]
[SourceVersion "1"]
[SourceVersionDate "2018.11.04"]
[SourceQuality "1"]

1. e4 e5 2. Nf3 Nc6 3. Bb5 a6 4. Ba4 Nf6 5. 0-0 Be7 6. Re1 b5 7. Bb3 d6 8. c3 0-0 9. h3 Nb8 10. d3 Nbd7 11. Nbd2 Bb7 12. Nf1 Nc5 13. Bc2 Re8 14. Ng3 Bf8 15. b4 Ncd7 16. a4 c5 17. bxc5 Nxc5 18. axb5 axb5 19. Rxa8 Bxa8 20. Bd2 d5 21. exd5 Qxd5 22. Bg5 Qc6 23. Bxf6 Qxf6 24. d4 Bxf3 25. gxf3 Rd8 26. Rxe5 Qxe5 27. dxe5 Rxd1+ 28. Bxd1 Nd3 29. Be2 Nxe5 30. f4 Nc4 31. Bxc4 1/2-1/2

[Event "Dallas UT Fall op"]
[Site "Dallas"]
[Date "2018.11.20"]
[Round "8"]
[White "Bakalchuk, Johnatan"]
[Black "Nakar, Eylon"]
[Result "1/2-1/2"]
[WhiteElo "2429"]
[BlackElo "2456"]
[PlyCount "68"]
[EventDate "2018.11.16"]
[EventType "swiss"]
[EventRounds "9"]
[EventCountry "USA"]
[SourceTitle "CBM 187 Extra"]
[Source "ChessBase"]
[SourceDate "2018.11.04"]
[SourceVersion "1"]
[SourceVersionDate "2018.11.04"]
[SourceQuality "1"]

1. e4 e6 2. d4 d5 3. Nc3 Nf6 4. e5 Nfd7 5. Nce2 c5 6. c3 Nc6 7. Nf3 cxd4 8. cxd4 f6 9. exf6 Nxf6 10. a3 Bd6 11. Bf4 0-0 12. g3 Ne4 13. Bg2 Bxf4 14. Nxf4 Qb6 15. Qe2 Qa5+ 16. b4 Nxb4 17. 0-0 Nc6 18. Qe3 Bd7 19. Nd3 Rac8 20. Rfb1 b6 21. Nfe5 Nxe5 22. Nxe5 Ba4 23. Bxe4 dxe4 24. Rc1 Qd5 25. Rxc8 Rxc8 26. Rc1 Rf8 27. Rc7 Qa2 28. Rxg7+ Kxg7 29. Qg5+ Kh8 30. Ng6+ hxg6 31. Qh6+ Kg8 32. Qxg6+ Kh8 33. Qh6+ Kg8 34. Qg6+ Kh8 1/2-1/2

[Event "Dallas UT Fall op"]
[Site "Dallas"]
[Date "2018.11.19"]
[Round "6"]
[White "Beradze, Irakli"]
[Black "Nakar, Eylon"]
[Result "1/2-1/2"]
[WhiteElo "2489"]
[BlackElo "2456"]
[PlyCount "130"]
[EventDate "2018.11.16"]
[EventType "swiss"]
[EventRounds "9"]
[EventCountry "USA"]
[SourceTitle "CBM 187 Extra"]
[Source "ChessBase"]
[SourceDate "2018.11.04"]
[SourceVersion "1"]
[SourceVersionDate "2018.11.04"]
[SourceQuality "1"]

1. Nf3 Nf6 2. g3 c5 3. c4 Nc6 4. Bg2 d5 5. cxd5 Nxd5 6. Nc3 Nxc3 7. bxc3 e5 8. d3 Be7 9. 0-0 0-0 10. Nd2 Qe8 11. Nc4 Be6 12. Qa4 Nd4 13. Qd1 Nc6 14. Rb1 b6 15. f4 exf4 16. Bxf4 f6 17. Qa4 Rc8 18. Bd6 Na5 19. Qxe8 Rfxe8 20. Nxa5 Bxd6 21. Nb3 Bxb3 22. axb3 Rxe2 23. Rfe1 Rxe1+ 24. Rxe1 Be5 25. c4 Rd8 26. Bd5+ Kf8 27. Kg2 b5 28. Re2 a5 29. Ra2 Bc3 30. Rc2 Be5 31. Ra2 Bc3 32. Rc2 Bb4 33. Ra2 g6 34. Kf1 f5 35. Ke2 Ke7 36. Bc6 bxc4 37. dxc4 Rd4 38. Rc2 Kd6 39. Bd5 Ke5 40. Ke3 g5 41. Re2 Kf6 42. h3 h5 43. Kf2 h4 44. Re6+ Kg7 45. Re7+ Kg6 46. Re6+ Kg7 47. Re7+ Kg6 48. Re6+ Kh5 49. Rf6 hxg3+ 50. Kxg3 f4+ 51. Kg2 Rd2+ 52. Kf3 Rd3+ 53. Ke4 Rxh3 54. Kf5 f3 55. Rf7 Kh6 56. Rf6+ Kh5 57. Rf7 Kh4 58. Rh7+ Kg3 59. Rxh3+ Kxh3 60. Bxf3 Bd2 61. Bh5 Kg3 62. Bg4 Bf4 63. Bh5 Kf2 64. Kg4 Ke3 65. Be8 Kd4 1/2-1/2

[Event "Southwest op 84th"]
[Site "Irving"]
[Date "2018.09.03"]
[Round "8"]
[White "Drozdowski, Kacper"]
[Black "Nakar, Eylon"]
[Result "1/2-1/2"]
[WhiteElo "2489"]
[BlackElo "2461"]
[PlyCount "41"]
[EventDate "2018.08.30"]
[EventType "swiss"]
[EventRounds "9"]
[EventCountry "USA"]
[SourceTitle "CBM 186 Extra"]
[Source "ChessBase"]
[SourceDate "2018.08.24"]
[SourceVersion "1"]
[SourceVersionDate "2018.08.24"]
[SourceQuality "1"]

1. b3 Nf6 2. Bb2 g6 3. g3 Bg7 4. Bg2 c5 5. c4 0-0 6. Nc3 Nc6 7. Nf3 d6 8. 0-0 Bd7 9. d4 cxd4 10. Nxd4 Rc8 11. Nxc6 Bxc6 12. Qd2 Bxg2 13. Kxg2 a6 14. Rab1 Qd7 15. Nd5 Nxd5 16. Bxg7 Kxg7 17. Qxd5 Qc6 18. Rfd1 Qxd5+ 19. Rxd5 Rc6 20. Kf3 Rfc8 21. Ke4 1/2-1/2

[Event "Southwest op 84th"]
[Site "Irving"]
[Date "2018.09.01"]
[Round "4"]
[White "Sanchez, Roberto Daniel"]
[Black "Nakar, Eylon"]
[Result "0-1"]
[WhiteElo "1834"]
[BlackElo "2461"]
[PlyCount "70"]
[EventDate "2018.08.30"]
[EventType "swiss"]
[EventRounds "9"]
[EventCountry "USA"]
[SourceTitle "CBM 186 Extra"]
[Source "ChessBase"]
[SourceDate "2018.08.24"]
[SourceVersion "1"]
[SourceVersionDate "2018.08.24"]
[SourceQuality "1"]

1. e4 c5 2. Nf3 d6 3. d4 cxd4 4. Nxd4 Nf6 5. Nc3 a6 6. Be2 e5 7. Nf3 Be7 8. h3 0-0 9. g4 Be6 10. g5 Nfd7 11. h4 Kh8 12. Be3 Nc6 13. Nd5 Nc5 14. Nd2 f5 15. gxf6 Bxf6 16. Bg4 Bg8 17. Nb3 Nxe4 18. Qd3 Nc5 19. Nxc5 dxc5 20. Nxf6 Qxf6 21. Bxc5 Rad8 22. Qe3 Rfe8 23. Qg5 Nd4 24. 0-0-0 Qxf2 25. Rd2 Qf7 26. Bh5 Qxa2 27. Rxd4 Rxd4 28. Bxd4 Qa1+ 29. Kd2 Qxh1 30. Bxe8 exd4 31. Qd8 Qg2+ 32. Kd1 Qg1+ 33. Kd2 Qe3+ 34. Kd1 d3 35. Ba4 Qe2+ 0-1

[Event "Faroes op"]
[Site "Sandavagur"]
[Date "2018.07.12"]
[Round "7"]
[White "Nakar, Eylon"]
[Black "Ziska, Helgi Dam"]
[Result "1/2-1/2"]
[WhiteElo "2462"]
[BlackElo "2552"]
[PlyCount "63"]
[EventDate "2018.07.07"]
[EventType "swiss"]
[EventRounds "9"]
[EventCountry "FAI"]
[SourceTitle "CBM 185 Extra"]
[Source "ChessBase"]
[SourceDate "2018.07.29"]
[SourceVersion "1"]
[SourceVersionDate "2018.07.29"]
[SourceQuality "1"]

1. e4 e5 2. Nf3 Nc6 3. Bb5 g6 4. c3 a6 5. Ba4 d6 6. d4 Bd7 7. 0-0 Bg7 8. Re1 Nf6 9. Bxc6 Bxc6 10. dxe5 Nxe4 11. exd6 0-0 12. dxc7 Qxc7 13. Be3 Rad8 14. Nbd2 b5 15. Nd4 Nxd2 16. Qxd2 Qb7 17. f3 b4 18. Bh6 bxc3 19. bxc3 Bxh6 20. Qxh6 Rd5 21. Qd2 Qc7 22. Re3 Rc8 23. Rae1 Ba4 24. Qb2 Rc5 25. Qa3 Rc4 26. Re7 Qb6 27. R1e3 Rb8 28. h3 Rbc8 29. R7e4 Qc5 30. Qxc5 R8xc5 31. Ne2 Rxe4 32. Rxe4 1/2-1/2

[Event "Faroes op"]
[Site "Sandavagur"]
[Date "2018.07.09"]
[Round "3"]
[White "Jones, Gawain C B"]
[Black "Nakar, Eylon"]
[Result "1/2-1/2"]
[WhiteElo "2670"]
[BlackElo "2462"]
[PlyCount "71"]
[EventDate "2018.07.07"]
[EventType "swiss"]
[EventRounds "9"]
[EventCountry "FAI"]
[SourceTitle "CBM 185 Extra"]
[Source "ChessBase"]
[SourceDate "2018.07.29"]
[SourceVersion "1"]
[SourceVersionDate "2018.07.29"]
[SourceQuality "1"]

1. Nf3 Nf6 2. g3 c5 3. c4 Nc6 4. Bg2 d5 5. cxd5 Nxd5 6. Nc3 Nxc3 7. bxc3 e5 8. 0-0 Be7 9. d3 0-0 10. Nd2 Qe8 11. Nc4 Be6 12. Ne3 Qd7 13. f4 exf4 14. gxf4 Bh3 15. Bxh3 Qxh3 16. Nd5 Rad8 17. Rf3 Qh5 18. Nxe7+ Nxe7 19. Qf1 c4 20. Rh3 Qg6+ 21. Qg2 cxd3 22. Qxg6 fxg6 23. Rxd3 Rxd3 24. exd3 Nd5 25. c4 Nxf4 26. Bxf4 Rxf4 27. a4 Kf7 28. Rb1 b6 29. a5 Rf6 30. axb6 axb6 31. Ra1 Rf3 32. d4 Rf4 33. Ra7+ Ke6 34. c5 bxc5 35. dxc5 Rc4 36. Rxg7 1/2-1/2

[Event "Philadelphia int op 11th"]
[Site "Philadelphia"]
[Date "2017.06.27"]
[Round "6"]
[White "Stukopin, Andrey"]
[Black "Nakar, Eylon"]
[Result "0-1"]
[WhiteElo "2577"]
[BlackElo "2476"]
[PlyCount "52"]
[EventDate "2017.06.24"]
[EventType "swiss"]
[EventRounds "9"]
[EventCountry "USA"]
[SourceTitle "CBM 179 Extra"]
[Source "ChessBase"]
[SourceDate "2017.08.23"]
[SourceVersion "1"]
[SourceVersionDate "2017.08.23"]
[SourceQuality "1"]

1. e4 e6 2. d4 d5 3. Nc3 Nf6 4. e5 Nfd7 5. f4 c5 6. Nf3 Be7 7. Be3 0-0 8. Qd2 b6 9. h4 Nc6 10. Bb5 Ndb8 11. 0-0-0 c4 12. Ne2 a6 13. Bxc6 Nxc6 14. g4 b5 15. Ng3 b4 16. Kb1 Qa5 17. b3 Na7 18. a4 Nb5 19. Qg2 Bd7 20. Kb2 Rfc8 21. f5 Na3 22. f6 cxb3 23. cxb3 Rc3 24. fxe7 Nc4+ 25. bxc4 Qxa4 26. Kb1 Rb3+ 0-1

[Event "Philadelphia int op 11th"]
[Site "Philadelphia"]
[Date "2017.06.25"]
[Round "4"]
[White "Mandizha, Farai"]
[Black "Nakar, Eylon"]
[Result "1/2-1/2"]
[WhiteElo "2342"]
[BlackElo "2476"]
[PlyCount "87"]
[EventDate "2017.06.24"]
[EventType "swiss"]
[EventRounds "9"]
[EventCountry "USA"]
[SourceTitle "CBM 179 Extra"]
[Source "ChessBase"]
[SourceDate "2017.08.23"]
[SourceVersion "1"]
[SourceVersionDate "2017.08.23"]
[SourceQuality "1"]

1. d4 Nf6 2. c4 g6 3. Nc3 Bg7 4. e4 d6 5. Be2 0-0 6. Bg5 Na6 7. Nf3 e5 8. 0-0 h6 9. Be3 Ng4 10. Bc1 c6 11. h3 exd4 12. Nxd4 Nf6 13. Bf4 Re8 14. Bf3 Nh7 15. Qd2 Ng5 16. Rad1 Nc5 17. Rfe1 Qf6 18. h4 Nxf3+ 19. Nxf3 Bg4 20. Qe3 Rad8 21. Bg3 Qe7 22. Rc1 Qf8 23. Nd4 Nxe4 24. Nxe4 d5 25. cxd5 cxd5 26. Nb5 Rxe4 27. Qd2 Rxe1+ 28. Rxe1 d4 29. Be5 Qc5 30. Bxg7 Kxg7 31. a4 a6 32. Rc1 Qe5 33. Re1 Qc5 34. Rc1 Qe5 35. Re1 Qf6 36. Nc7 Kh7 37. Ne8 Qc6 38. Qf4 Be6 39. Nf6+ Kg7 40. Qe5 Kf8 41. Nh7+ Kg8 42. Nf6+ Kf8 43. Nh7+ Kg8 44. Nf6+ 1/2-1/2